الأوراق المقدمة لمؤتمر نحو إستراتيجية وطنية لثقافة طفل ما قبل المدرسة في الأردن / (رقم التسجيلة. 16541)

تفاصيل مارك
000 -LEADER
fixed length control field 00820nam a22001937a 4500
005 - DATE AND TIME OF LATEST TRANSACTION
control field 20251108164859.0
008 - FIXED-LENGTH DATA ELEMENTS--GENERAL INFORMATION
fixed length control field 250721s9999 xx 000 0 ara d
082 14 - DEWEY DECIMAL CLASSIFICATION NUMBER
Classification number 372.21809565/مؤت
111 2# - MAIN ENTRY--MEETING NAME
Meeting name or jurisdiction name as entry element مؤتمر نحو إستراتيجية وطنية لثقافة طفل ما قبل المدرسة في الأردن ( 1993 : عمان)
245 10 - TITLE STATEMENT
Title الأوراق المقدمة لمؤتمر نحو إستراتيجية وطنية لثقافة طفل ما قبل المدرسة في الأردن /
264 1# - PRODUCTION, PUBLICATION, DISTRIBUTION, MANUFACTURE, AND COPYRIGHT NOTICE
Place of production, publication, distribution, manufacture عمان :
Name of producer, publisher, distributor, manufacturer الرابطة الوطنية لتربية وتعليم الأطفال : اليونسف،
Date of production, publication, distribution, manufacture, or copyright notice [19-].
300 ## - PHYSICAL DESCRIPTION
Extent 118ص .
650 17 - SUBJECT ADDED ENTRY--TOPICAL TERM
Topical term or geographic name as entry element رياض الأطفال
650 17 - SUBJECT ADDED ENTRY--TOPICAL TERM
Topical term or geographic name as entry element الأردن
650 17 - SUBJECT ADDED ENTRY--TOPICAL TERM
Topical term or geographic name as entry element المؤتمرات
650 17 - SUBJECT ADDED ENTRY--TOPICAL TERM
Topical term or geographic name as entry element الثقافة
942 ## - ADDED ENTRY ELEMENTS (KOHA)
Source of classification or shelving scheme Dewey Decimal Classification
Koha item type كتب
المقتنيات
حالة السحب حالة الفقدان مصدر التصنيف حالة التلف غير قابل للإعارة المكتبة الرئيسية المكتبة الحالية موقع الرف تاريخ التزويد الرقم المتسلسل Total Checkouts رقم الإستدعاء تاريخ آخر ظهور تاريخ الفاتورة نوع المادة (كوها) الباركود
Withdrawn   Dewey Decimal Classification     المكتبة المركزية المكتبة المركزية الإعارة 17/08/2016 1627976   372.21809565/مؤت 28/07/2025 17/08/2016 كتب PLD00394332
    Dewey Decimal Classification Unchecked   مكتبة الأميرة ايمان العامة مكتبة الأميرة ايمان العامة الإعارة 06/07/2004 8772   372.21809565/مؤت 28/07/2025 06/07/2004 كتب  
    Dewey Decimal Classification Unchecked   مكتبة الاميرة بديعة مكتبة الاميرة بديعة الإعارة 06/07/2004 5358   372.21809565/مؤت 28/07/2025 06/07/2004 كتب  
    Dewey Decimal Classification Unchecked   مكتبة الجويدة مكتبة الجويدة الإعارة 06/07/2004 5382   372.21809565/مؤت 28/07/2025 06/07/2004 كتب  
    Dewey Decimal Classification     مكتبة النصر العامة مكتبة النصر العامة الإعارة 11/03/2015 [ 7975 ]   372.21809565/مؤت 28/07/2025 11/03/2015 كتب PLD00376218
    Dewey Decimal Classification Unchecked   مكتبة صويلح العامة مكتبة صويلح العامة الإعارة 06/07/2004 11372   372.21809565/مؤت 28/07/2025 06/07/2004 كتب  
    Dewey Decimal Classification     مكتبة وادي السير العامة مكتبة وادي السير العامة الإعارة 10/02/2016 [6185]   372.21809565/مؤت 28/07/2025 10/02/2016 كتب PLD00373049
Implemented & Customized by: BBB with SCIT (Smart Chains for Information Technology)

Powered by Koha